Statistics for -Tion Vocabulary Words Quiz #3

Click here to take the quiz!

General Stats

  • This quiz has been taken 6,552 times
  • The average score is 13 of 20

Answer Stats

DefinitionWord% Correct
The elimination of a species{Extinc}tion
94%
Group of stars that form a
recognizable figure
{Constella}tion
88%
Increase in rank in the military or
in the workplace
{Promo}tion
86%
Inoculation against a disease{Vaccina}tion
84%
Process where yeast turns
sugar into alcohol
{Fermenta}tion
82%
Separation of people based
on race
{Segrega}tion
82%
To put off to tomorrow that which
can be done today
{Procrastina}tion
80%
A magical elixir{Po}tion
80%
Bullets{Ammuni}tion
78%
Treatment to sterilize food products,
such as milk, by applying heat
{Pasteuriza}tion
72%
Speaking aloud so that another
person can write it down
{Dicta}tion
67%
Beheading{Decapita}tion
58%
A trek made for the purposes of
discovery or research
{Expedi}tion
55%
Method of using sound to navigate
that is used by bats
{Echoloca}tion
53%
Process where a neighborhood gains
wealthy residents and loses poor ones
{Gentrifica}tion
51%
Enticing someone to have sex{Seduc}tion
51%
Part of speech that includes the words
"with", "into", and "despite"
{Preposi}tion
43%
Method of pest control using gasses{Fumiga}tion
37%
A computer software program{Applica}tion
30%
The proceedings of a lawsuit{Litiga}tion
29%

Score Distribution

Percentile by Number Answered

Percent of People with Each Score

Your Score History

You have not taken this quiz